Kongres medzinárodnej asociácie ľadovcových poisťovní

XXII. Kongres medzinárodnej asociácie ľadovcových poisťovní (AIAG). Asociácia združuje poisťovacie spoločnosti vykonávajúce poistenie poľnohospodárskych plodín. Kongres sa konal 27. - 29. sept. 1993 v Hannoveri. Informácia o referátoch, ktoré odzneli na konferencii. Poľnohospodárska politika SRN. Do...

ver descrição completa

Na minha lista:
Detalhes bibliográficos
Autor principal: Horňanský, M.
Outros Autores: Bajzík, M.
Formato: Capítulo de Livro
Idioma:eslovaco
Assuntos:
Tags: Adicionar Tag
Sem tags, seja o primeiro a adicionar uma tag!

MARC

LEADER 00000naa a2200000 4500
001 r024458
005 20221213123046.1
041 0 |a slo 
044 |a SK 
245 1 0 |a Kongres medzinárodnej asociácie ľadovcových poisťovní  |c M. Horňanský, M. Bajzík 
520 |a XXII. Kongres medzinárodnej asociácie ľadovcových poisťovní (AIAG). Asociácia združuje poisťovacie spoločnosti vykonávajúce poistenie poľnohospodárskych plodín. Kongres sa konal 27. - 29. sept. 1993 v Hannoveri. Informácia o referátoch, ktoré odzneli na konferencii. Poľnohospodárska politika SRN. Dopady agrárnej reformy Európskeho spoločenstva na poisťovateľov poľnohospodárskych rizík. Pohľad na štátne zaistenie poistením krytých rizík v SRN, Španielsku, USA, Francúzsku, Taliansku a Švédsku. 
610 2 0 |a poistenie poľnohospodárske 
610 2 0 |a Nemecko 
610 2 0 |a politika poľnohospodárska 
610 2 0 |a zaistenie 
610 2 0 |a AIAG 
610 2 0 |a kongresy 
610 2 0 |a poisťovne 
610 2 0 |a 1993 
610 2 0 |a združenia 
610 2 0 |a Hannover 
610 2 0 |a Európske spoločenstvá 
610 2 0 |a reformy pozemkové 
610 2 0 |a škody 
610 2 0 |a pohromy živelné 
610 2 0 |a riziko poistné 
100 1 |a Horňanský, M. 
700 1 |a Bajzík, M.